Statistiques concernant Liste Swadesh de l'italien

Cliquez ici pour prendre le quiz!

Statistiques générales

  • Ce quiz a été pris 34 fois
  • Le résultat moyen est 80 sur 207

Statistiques - réponses

FrançaisItalien% Correct
201àa
89%
1jeio
89%
2tu / vous (formel)tu
84%
204ete
79%
10lì / là
79%
4nousnoi
79%
9iciqui / qua
79%
5vous (pluriel)voi
79%
26cinqcinque
74%
23deuxdue
74%
25quatrequattro
74%
24troistre
74%
22ununo
74%
15commentcome
68%
27grandgrande
68%
6ilsloro
68%
3illui / egli
68%
42mèremadre
68%
18beaucoupmolto
68%
176noirnero
68%
43pèrepadre
68%
173vertverde
68%
21autrealtro
63%
179an / annéeanno
63%
175blancbianco
63%
203avec (ensemble)con
63%
93mangermangiare
63%
83mainmano
63%
154mermare
63%
177nuitnotte
63%
205si (condition)se
63%
185bonbuono
58%
180chaudcaldo
58%
13dove
58%
174jaunegiallo
58%
178jourgiorno
58%
148luneluna
58%
75neznaso
58%
207nomnome
58%
183nouveaunuovo
58%
104penserpensare
58%
32petitpiccolo
58%
20peupoco
58%
14quandquando
58%
172rougerosso
58%
72têtetesta
58%
17touttutto
58%
44animalanimale
53%
76bouchebocca
53%
47chiencane
53%
71cheveuxcapelli
53%
77dentdente
53%
107dormirdormire
53%
181froidfreddo
53%
81jambegamba
53%
78langue (organe)lingua
53%
16ne...pasnon
53%
206parce queperché
53%
7ceci / celui-ciquesto
53%
155selsale
53%
103savoirsapere
53%
147soleilsole
53%
37homme (mâle adulte)uomo
53%
38homme (être humain)uomo
53%
122venirvenire
53%
108vivrevivere
53%
150eauacqua
47%
39enfantbambino
47%
12quoiche
47%
11quichi
47%
33courtcorto
47%
90cœur (organe)cuore
47%
128donnerdare
47%
153laclago
47%
29largelargo
47%
132laverlavare
47%
28longlungo
47%
109mourirmorire
47%
80piedpiede
47%
99respirerrespirare
47%
200gauchesinistra
47%
159terre (sol)terra
47%
184vieuxvecchio
47%
163ventvento
47%
195secasciutto / secco
42%
92boirebere
42%
141chantercantare
42%
162cielcielo
42%
36femmedonna
42%
60herbeerba
42%
59fleurfiore
42%
167feufuoco
42%
202dansin
42%
171montagnemontagna
42%
164neigeneve
42%
45poissonpesce
42%
8cela / celui-làquello
42%
49serpentserpente
42%
149étoilestella
42%
129tenirtenere
42%
46oiseauuccello
42%
67œufuovo
42%
101voirvedere
42%
69queue (d'un animal)coda
37%
61cordecorda
37%
199droitedestra
37%
140diredire
37%
56feuille (d'un végétal)foglia
37%
82genouginocchio
37%
142jouer (s'amuser)giocare
37%
198loinlontano
37%
41marimarito
37%
74œilocchio
37%
73oreilleorecchio
37%
64sangsangue
37%
170routestrada
37%
120voler (dans l'air)volare
37%
84aileala
32%
51arbrealbero
32%
63viandecarne
32%
87coucollo
32%
196juste, correctcorretto
32%
152rivièrefiume
32%
54fruitfrutta
32%
145gelergelare
32%
126tourner (intransitif)girare
32%
66graissegrasso
32%
40femme (épouse)moglie
32%
94mordremordere
32%
119nagernuotare
32%
156pierrepietra
32%
151pluiepioggia
32%
70plume (d'un oiseau)piuma
32%
157sablesabbia
32%
114coupertagliare
32%
134tirertirare
32%
110tueruccidere
32%
53bâtonbastone
26%
169brûler (intransitif)bruciare
26%
121marchercamminare
26%
186mauvaiscattivo
26%
139comptercontare
26%
189droit (rectiligne)dritto
26%
160nuagenuvola
26%
65ososso
26%
62peaupelle
26%
182pleinpieno
26%
100rireridere
26%
98soufflersoffiare
26%
125être deboutstare in piedi
26%
34étroitstretto
26%
197prèsvicino
26%
127tombercadere
21%
168cendreceneri
21%
68cornecorno
21%
91foiefegato
21%
166fuméefumo
21%
161brouillardnebbia
21%
31lourdpesante
21%
124être assissedere
21%
55graineseme
21%
188salesporco
21%
106craindretemere
21%
97vomirvomitare
21%
19quelquesalcuni
16%
112chasser (le gibier)cacciare
16%
115fendrefendere
16%
165glaceghiaccio
16%
86entrailles / intestinsintestino
16%
136jeter, lancerlanciare
16%
137lierlegare
16%
193lisseliscio
16%
85ventrepancia
16%
89poitrinepetto
16%
57racineradice
16%
190rondrotondo
16%
30épaisspesso
16%
102entendreudire
16%
79ongleunghia
16%
133essuyerasciugare
11%
113frappercolpire
11%
111se battrecombattere
11%
58écorcecorteccia
11%
146gonfler (intransitif)gonfiarsi
11%
105sentir (odorat)odorare
11%
48poupidocchio
11%
158poussièrepolvere
11%
118creuserscavare
11%
88dosschiena
11%
52forêtselva
11%
135pousserspingere
11%
130serrer, presserspremere
11%
96crachersputare
11%
95sucersucchiare
11%
50ververme
11%
194mouillé / humidebagnato
5%
138coudrecucire
5%
143flottergalleggiare
5%
117grattergraffiare
5%
187pourrimarcio
5%
116poignarderpugnalare
5%
35mincesottile
5%
131frotterstrofinare
5%
191tranchantaguzzo / affilato
0%
144couler (liquide)fluire
0%
123être étendugiacere
0%
192émoussésmussato
0%

Distribution des résultats

Percentile par nombre de réponses

% des personnes avec chaque résultat

Votre développement - résultats

Vous n’avez pas pris ce quiz